Cultural anthropology
Saved in:
| Main Author: | |
|---|---|
| Format: | Book |
| Language: | English |
| Published: |
New York
McGraw-Hill Higher Education
2006
|
| Edition: | 11th ed. |
| Subjects: | |
| Tags: |
No Tags, Be the first to tag this record!
|
MARC
| LEADER | 00000nam$a2200000$$$4500 | ||
|---|---|---|---|
| 001 | 0113412 | ||
| 005 | 20240306135615.9 | ||
| 020 | |a 0-07-313875-4 | ||
| 020 | |a 0-07-313559-3 | ||
| 020 | |a 0-07-295250-4 | ||
| 041 | 0 | |a eng | |
| 044 | |a US | ||
| 245 | 1 | 0 | |a Cultural anthropology |c Conrad Phillip Kottak |
| 250 | |a 11th ed. | ||
| 264 | 1 | |a New York |b McGraw-Hill Higher Education |c 2006 | |
| 300 | |a 371 s. |e 1 CD-ROM | ||
| 610 | 2 | 0 | |a antropológia |
| 610 | 2 | 0 | |a kultúra |
| 610 | 2 | 0 | |a etnografia |
| 610 | 2 | 0 | |a populácia |
| 610 | 2 | 0 | |a národnosti |
| 610 | 2 | 0 | |a spoločnosť |
| 610 | 2 | 0 | |a zvyklosti kultúrne |
| 610 | 2 | 0 | |a štýl životný |
| 610 | 2 | 0 | |a systémy politické |
| 100 | 1 | |a Kottak, Conrad Philip | |